<?xml version="1.0" encoding="UTF-8"?>
<record
    xmlns:xsi="http://www.w3.org/2001/XMLSchema-instance"
    xsi:schemaLocation="http://www.loc.gov/MARC21/slim http://www.loc.gov/standards/marcxml/schema/MARC21slim.xsd"
    xmlns="http://www.loc.gov/MARC21/slim">

  <leader>00691nam a22001337a 4500</leader>
  <datafield tag="040" ind1=" " ind2=" ">
    <subfield code="c">RUA</subfield>
  </datafield>
  <datafield tag="082" ind1=" " ind2=" ">
    <subfield code="a">AGR HON 2017 B636 Or.1</subfield>
  </datafield>
  <datafield tag="100" ind1=" " ind2=" ">
    <subfield code="a">HONG CHANTHY &#x17A0;&#x17B6;&#x1784;&#x17CB; &#x1785;&#x17B6;&#x1793;&#x17CB;&#x1792;&#x17B8;</subfield>
  </datafield>
  <datafield tag="245" ind1=" " ind2=" ">
    <subfield code="a">effect of application time of urea fertilizer on growth and yield of bunching onion &#x1794;&#x17D2;&#x179A;&#x179F;&#x17B7;&#x1791;&#x17D2;&#x1792;&#x1797;&#x17B6;&#x1796;&#x1793;&#x17C3;&#x1780;&#x17B6;&#x179A;&#x1794;&#x17D2;&#x179A;&#x17BE;&#x1794;&#x17D2;&#x179A;&#x17B6;&#x179F;&#x17CB;&#x1787;&#x17B8;&#x17A2;&#x17CA;&#x17BB;&#x1799;&#x179A;&#x17C9;&#x17C1;&#x1793;&#x17C5;&#x179B;&#x17BE;&#x1780;&#x17B6;&#x179A;&#x179B;&#x17BC;&#x178F;&#x179B;&#x17B6;&#x179F;&#x17CB;&#x1793;&#x17B7;&#x1784;&#x1791;&#x17B7;&#x1793;&#x17D2;&#x1793;&#x1795;&#x179B;&#x178A;&#x17C6;&#x178E;&#x17B6;&#x17C6;&#x1781;&#x17D2;&#x1791;&#x17B9;&#x1798;&#x179F;&#x17D2;&#x179B;&#x17B9;&#x1780;</subfield>
  </datafield>
  <datafield tag="260" ind1=" " ind2=" ">
    <subfield code="a">RUA</subfield>
    <subfield code="b">Phnom penh </subfield>
    <subfield code="c">20167</subfield>
  </datafield>
  <datafield tag="300" ind1=" " ind2=" ">
    <subfield code="a">x;36p</subfield>
    <subfield code="b">ill;</subfield>
    <subfield code="c">29cm</subfield>
  </datafield>
  <datafield tag="856" ind1=" " ind2=" ">
    <subfield code="u">https://drive.google.com/file/d/1-flve3PMYFBfYUZW3NftVuiO5CBTLCed/view?usp=sharing</subfield>
  </datafield>
  <datafield tag="942" ind1=" " ind2=" ">
    <subfield code="c">AGR</subfield>
  </datafield>
  <datafield tag="999" ind1=" " ind2=" ">
    <subfield code="c">18056</subfield>
    <subfield code="d">18056</subfield>
  </datafield>
  <datafield tag="952" ind1=" " ind2=" ">
    <subfield code="0">0</subfield>
    <subfield code="1">0</subfield>
    <subfield code="2">ddc</subfield>
    <subfield code="4">0</subfield>
    <subfield code="6">AGR_HON_2017_000000000000000_B636_OR_1</subfield>
    <subfield code="7">0</subfield>
    <subfield code="9">80135</subfield>
    <subfield code="a">LBB</subfield>
    <subfield code="b">LBB</subfield>
    <subfield code="c">B636</subfield>
    <subfield code="d">2019-07-24</subfield>
    <subfield code="l">4</subfield>
    <subfield code="o">AGR HON 2017 B636 Or.1</subfield>
    <subfield code="p">A44737</subfield>
    <subfield code="r">2020-08-07</subfield>
    <subfield code="s">2020-07-10</subfield>
    <subfield code="w">2019-07-24</subfield>
    <subfield code="y">AGR</subfield>
  </datafield>
  <datafield tag="952" ind1=" " ind2=" ">
    <subfield code="0">0</subfield>
    <subfield code="1">0</subfield>
    <subfield code="2">ddc</subfield>
    <subfield code="4">0</subfield>
    <subfield code="6">AGR_HON_2017_000000000000000_B636_OR_2</subfield>
    <subfield code="7">0</subfield>
    <subfield code="9">80136</subfield>
    <subfield code="a">LBB</subfield>
    <subfield code="b">LBB</subfield>
    <subfield code="c">B636</subfield>
    <subfield code="d">2019-07-24</subfield>
    <subfield code="l">1</subfield>
    <subfield code="o">AGR HON 2017 B636 Or.2</subfield>
    <subfield code="p">A44662</subfield>
    <subfield code="r">2020-03-10</subfield>
    <subfield code="s">2020-02-25</subfield>
    <subfield code="w">2019-07-24</subfield>
    <subfield code="y">AGR</subfield>
  </datafield>
  <datafield tag="952" ind1=" " ind2=" ">
    <subfield code="0">0</subfield>
    <subfield code="1">0</subfield>
    <subfield code="2">ddc</subfield>
    <subfield code="4">0</subfield>
    <subfield code="6">AGR_HON_2017_000000000000000_B636_OR_3</subfield>
    <subfield code="7">0</subfield>
    <subfield code="9">80137</subfield>
    <subfield code="a">LBB</subfield>
    <subfield code="b">LBB</subfield>
    <subfield code="c">B636</subfield>
    <subfield code="d">2019-07-24</subfield>
    <subfield code="l">1</subfield>
    <subfield code="o">AGR HON 2017 B636 Or.3</subfield>
    <subfield code="p">A44463</subfield>
    <subfield code="r">2024-12-30</subfield>
    <subfield code="s">2024-12-04</subfield>
    <subfield code="w">2019-07-24</subfield>
    <subfield code="y">AGR</subfield>
  </datafield>
  <datafield tag="952" ind1=" " ind2=" ">
    <subfield code="0">0</subfield>
    <subfield code="1">0</subfield>
    <subfield code="2">ddc</subfield>
    <subfield code="4">0</subfield>
    <subfield code="6">AGR_HON_2017_000000000000000_B636_OR_4</subfield>
    <subfield code="7">0</subfield>
    <subfield code="9">80138</subfield>
    <subfield code="a">LBB</subfield>
    <subfield code="b">LBB</subfield>
    <subfield code="c">B636</subfield>
    <subfield code="d">2019-07-24</subfield>
    <subfield code="l">1</subfield>
    <subfield code="o">AGR HON 2017 B636 Or.4</subfield>
    <subfield code="p">A44817</subfield>
    <subfield code="r">2020-11-20</subfield>
    <subfield code="s">2020-10-02</subfield>
    <subfield code="w">2019-07-24</subfield>
    <subfield code="y">AGR</subfield>
  </datafield>
  <datafield tag="952" ind1=" " ind2=" ">
    <subfield code="0">0</subfield>
    <subfield code="1">0</subfield>
    <subfield code="2">ddc</subfield>
    <subfield code="4">0</subfield>
    <subfield code="6">AGR_HON_2017_000000000000000_B636_OR_5</subfield>
    <subfield code="7">0</subfield>
    <subfield code="9">80139</subfield>
    <subfield code="a">LBB</subfield>
    <subfield code="b">LBB</subfield>
    <subfield code="c">B636</subfield>
    <subfield code="d">2019-07-24</subfield>
    <subfield code="l">3</subfield>
    <subfield code="o">AGR HON 2017 B636 Or.5</subfield>
    <subfield code="p">A44892</subfield>
    <subfield code="r">2020-07-01</subfield>
    <subfield code="s">2020-06-01</subfield>
    <subfield code="w">2019-07-24</subfield>
    <subfield code="y">AGR</subfield>
  </datafield>
  <datafield tag="952" ind1=" " ind2=" ">
    <subfield code="0">0</subfield>
    <subfield code="1">0</subfield>
    <subfield code="2">ddc</subfield>
    <subfield code="4">0</subfield>
    <subfield code="6">AGR_HON_2017_000000000000000_B636_OR_6</subfield>
    <subfield code="7">0</subfield>
    <subfield code="9">80140</subfield>
    <subfield code="a">LBB</subfield>
    <subfield code="b">LBB</subfield>
    <subfield code="c">B636</subfield>
    <subfield code="d">2019-07-24</subfield>
    <subfield code="l">2</subfield>
    <subfield code="o">AGR HON 2017 B636 Or.6</subfield>
    <subfield code="p">A44967</subfield>
    <subfield code="r">2020-07-27</subfield>
    <subfield code="s">2019-12-14</subfield>
    <subfield code="w">2019-07-24</subfield>
    <subfield code="y">AGR</subfield>
  </datafield>
</record>
